Tecnología y censos agropecuarios en la década de 1980 /

שמור ב:
מידע ביבליוגרפי
מחבר ראשי: Barboza V, Carlos
מחברים אחרים: León S, Carlos
פורמט: Texto
יצא לאור: San José: ADEC
תגים: הוספת תג
אין תגיות, היה/י הראשונ/ה לתייג את הרשומה!

MARC

LEADER 00000 a a2200000 04500
001 15129
003
040 |a CRAI/IIS  |c CRAI/IIS 
090 |a 022600  
100 |a Barboza V, Carlos  
245 |a Tecnología y censos agropecuarios en la década de 1980 /  |c Carlos Barboza V. 
260 |a San José:   |b ADEC  
300 |a 10 p.  
700 |a León S, Carlos  
999 |c 6407  |d 6407